000 00668cam a2200205 a 4500
040 _cDLC
082 _a346 REN 2003 C260 Or.
100 1 _aRendall, Matthew.
245 1 0 _aLand law of Cambodia :
_ba study and research manual /
260 _aPhnom Penh, Cambodia :
_bCLRDC,
_c[2003]
300 _av, 241 p. :
_bill. ;
_c25 cm.
500 _a"Primary author, Matthew Rendall, and contributing authors, Josee Tremblay and Pat Baars"--Acknowledgements.
500 _a"November 2003."
650 0 _aReal property
650 0 _aLand tenure
700 1 _aTremblay, Josee.
700 1 _aBaars, Pat.
710 2 _aEast-West Management Institute, Inc.
942 _cAEDBB
999 _c22333
_d22333